Human Resource Management International Digest

Bibliographic Details
Format: eBook
Language:English
Published: Bingley: Emerald Group Publishing Limited, 2004 -
Subjects:
Online Access:Acceso restringido

MARC

LEADER 00000nam a22000007a 4500
005 20210208234919.0
007 cr|||| ||||
008 210208c20049999gb n|w s|||| 0|||b1eng d
022 |a 0967-0734 
035 |a 31923 
040 |a vLex 
090 |c 11124  |d 11124 
245 0 0 |a Human Resource Management International Digest  |h [Recurso electrn̤ico] / 
256 |a Servicio en ln̕ea 
260 |a Bingley:  |b Emerald Group Publishing Limited,  |c 2004 -  
300 |a 1 recurso electrn̤ico 
310 |a Irregular 
506 1 |a Disponible solo en los productos indicados  |d vLex Global  |d vLex Global (Academic Edition, excluding Law Schools)  |d vLex Global (U.S. Academic Edition, Law Schools)  |d vLex Global (U.S. Academic Edition, excluding Law Schools)  |d vLex Global (Academic Edition, Law Schools) 
650 0 4 |a Derecho Mercantil y de la Empresa  |z Reino Unido 
650 0 4 |a Derecho Laboral y Seguridad Social  |z Reino Unido 
650 0 4 |a Derecho Internacional  |z Reino Unido 
740 0 |a vLex Revistas (Servicio en ln̕ea) 
856 4 0 |u http://vlex.com/source/31923  |z Acceso restringido 
942 |c REV 
999 0 |a Commercial and Company Law 
999 0 |a Labor Law and Social Security 
999 0 |a International Law